[Event "SS Manhem Chess Week-IM 2018"]
[Site "Gothenburg"]
[Date "2018.08.16"]
[Round "8"]
[White "Nedilko, Vasily"]
[Black "Storme, Isak"]
[Result "1-0"]
[WhiteElo "2369"]
[BlackElo "2279"]
[Annotator "NA RC"]
[PlyCount "111"]
[EventDate "2018.08.11"]
[EventCountry "SWE"]
[SourceTitle "playchess.com"]
[Source "ChessBase"]
[SourceQuality "1"]
[TimeControl "40/5400+30:1800+30"]

{[%evp 15,104,30,18,18,26,17,30,12,28,15,20,10,14,14,41,0,32,25,73,71,32767,85,43,62,60,83,67,82,105,94,66,61,85,88,90,90,32767,32767,79,32767,32767,32767,85,32767,32767,32767,32767,32767,32767,32767,32767,32767,32767,32767,32767,32767,32767,32767,32767,32767,32767,32767,32767,356,381,32767,32767,32767,32767,32767,150,168,550,725,1092,406,352,32767,32767,149,32767,32767,32767,32767,32767,153,32767,32767,32767,32767,1693]} 1. d4 {[%emt 0:00:00]} Nf6 {[%emt 0:02:06]} 2. c4 {[%emt 0:00:00]} e6 {[%emt 0:00:04]} 3. Nf3 {[%emt 0:00:00]} d5 {[%emt 0:00:06]} 4. g3 {[%emt 0:00:01]} Bb4+ {[%emt 0:00:10]} 5. Bd2 {[%emt 0:00:07]} Bd6 {[%emt 0:00:06]} 6. Bg2 {[%emt 0:00:51]} O-O {[%emt 0:00:26]} 7. Qc2 {[%emt 0:00:22]} c6 {[%emt 0:04:34]} 8. O-O {[%emt 0:09:11] D30: Queen's Gambit Declined: Systems without Nc3} Ne4 {[%emt 0:00:57]} (8... Nbd7 9. Rd1 Ne4 10. Ne1 Nxd2 11. Nxd2 f5 12. Nd3 Nf6 {0-1 (42) Xiong,J (2634)-Caruana,F (2811) chess.com INT 2018}) 9. Nc3 {[%emt 0:05:14] LiveBook: 7 Games} Nxd2 {[%emt 0:03:18]} 10. Nxd2 {[%emt 0:02:06]} f5 {[%emt 0:00:14]} 11. Rab1 {[%emt 0:04:01]} Qe7 $146 {[%emt 0:07:02]} ({Predecessor:} 11... a5 12. a3 Qe7 {1-0 (34) Starostits,I (2441)-Kolb,M (2074) Port de Pollenca 2018}) 12. e3 {[%emt 0:05:00]} Nd7 {[%emt 0:02:39]} 13. a3 {[%emt 0:01:05]} Nf6 {[%emt 0:04:23]} 14. b4 {[%emt 0:17:13]} Bd7 {[%emt 0:04:17]} 15. b5 {[%emt 0:12:23]} Bxa3 {[%emt 0:07:30]} 16. c5 {[%emt 0:00:10]} cxb5 {[%emt 0:01:13]} 17. Nxb5 {[%emt 0:02:45]} Bxb5 {[%emt 0:00:15]} 18. Rxb5 {[%emt 0:00:06]} a5 {[%emt 0:00:43]} 19. Nf3 {[%emt 0:01:35]} Bb4 {[%emt 0:05:45]} 20. Ne5 {[%emt 0:06:53]} Ne4 {[%emt 0:15:42]} 21. Ra1 {[%emt 0:08:30]} Ra6 {[%emt 0:03:00] [#]} 22. Bf1 $1 {[%emt 0:00:46]} Rfa8 {[%emt 0:13:43]} 23. Nd3 {[%emt 0:02:27]} Qc7 {[%emt 0:10:31]} 24. Nxb4 {[%emt 0:04:16]} axb4 {[%emt 0:00:07]} 25. Rxa6 {[%emt 0:00:11]} Rxa6 {[%emt 0:00:35]} 26. Rxb4 {[%emt 0:00:25]} Ra1 {[%emt 0:00:17]} 27. Rb6 {[%emt 0:03:51]} Kf7 {[%emt 0:01:14]} 28. Qb2 {[%emt 0:00:40]} Ra7 {[%emt 0:00:17]} 29. Bd3 {[%emt 0:03:22]} Nf6 {[%emt 0:00:29]} 30. Bb5 {[%emt 0:01:37]} Ne4 {[%emt 0:00:48]} 31. Kg2 {[%emt 0:00:24]} Nf6 {[%emt 0:00:53]} 32. h3 {[%emt 0:00:23]} Ne4 {[%emt 0:00:25]} 33. Bd3 {[%emt 0:00:17]} Nf6 {[%emt 0:00:28]} 34. Be2 {[%emt 0:00:30]} Ne4 {[%emt 0:01:27]} 35. Bf3 {[%emt 0:00:29]} Nf6 {[%emt 0:00:16]} 36. Qb1 {[%emt 0:00:52]} Ke7 {[%emt 0:02:40]} 37. g4 {[%emt 0:03:20]} g6 {[%emt 0:00:24]} 38. g5 {[%emt 0:01:32]} Ne4 {[%emt 0:01:18]} 39. Bxe4 {[%emt 0:00:57]} fxe4 {[%emt 0:00:14]} 40. Qb5 {[%emt 0:03:00]} Kf7 {[%emt 0:07:31]} 41. Qe2 {[%emt 0:31:51]} Ra8 {[%emt 0:05:44]} 42. Qg4 {[%emt 0:00:00]} Qe7 {[%emt 0:02:19]} 43. Qf4+ {[%emt 0:00:00]} Kg7 $2 {[%emt 0:00:27]} (43... Kg8 $16 {is a better chance.} 44. Qf6 Qxf6 45. gxf6 Kf7) 44. Qe5+ {[%emt 0:00:00]} Kf7 {[%emt 0:00:08]} 45. h4 {[%emt 0:00:00]} (45. c6 $142 bxc6 46. Rxc6) 45... Rc8 {[%emt 0:01:38]} 46. Kg3 {[%emt 0:00:00]} Re8 {[%emt 0:05:08] [#]} 47. Kg4 $2 {[%emt 0:00:00]} (47. Qd6 $1 $18) 47... Kg8 {[%emt 0:05:06]} 48. Qf6 {[%emt 0:00:00]} Qd7 {[%emt 0:00:14]} 49. Kg3 {[%emt 0:00:00]} Qc7+ {[%emt 0:02:10]} 50. Kg2 {[%emt 0:00:29]} Qd7 {[%emt 0:01:17]} 51. Rd6 {[%emt 0:00:09]} Qb5 {[%emt 0:03:38]} 52. Kh2 {[%emt 0:01:29]} Qa4 $18 {[%emt 0:00:39]} 53. c6 {[%emt 0:00:25]} Rf8 {[%emt 0:03:27]} 54. Rd8 {[%emt 0:01:27]} Rxd8 {[%emt 0:00:47]} 55. Qxd8+ {[%emt 0:00:09]} Kg7 {[%emt 0:00:07]} 56. Qc7+ {[%emt 0:00:14]} 1-0

[Event "SS Manhem Chess Week-IM 2018"]
[Site "Gothenburg"]
[Date "2018.08.16"]
[Round "8"]
[White "Rydstrom, Tom"]
[Black "Antonsen, Mikkel"]
[Result "1/2-1/2"]
[WhiteElo "2316"]
[BlackElo "2444"]
[Annotator "TA"]
[PlyCount "86"]
[EventDate "2018.08.11"]
[EventCountry "SWE"]
[SourceTitle "playchess.com"]
[Source "ChessBase"]
[SourceQuality "1"]

{[%evp 18,86,0,0,0,11,22,18,38,31,35,43,41,7,27,0,0,0,8,0,0,6,1,0,0,-8,-10,-21,0,0,20,0,0,-102,-16,-38,-36,-53,-43,-83,-64,-58,-39,-65,-45,-42,-25,-27,0,0,0,-25,-20,-30,-23,-27,0,0,0,0,0,-77,-82,-75,0,0,0,0,0,0,0]} 1. e4 e5 2. Nf3 Nf6 3. Nc3 Nc6 4. Bb5 Bd6 5. d3 h6 (5... a6 6. Ba4 b5 7. Bb3 Na5 8. d4 exd4 9. Qxd4 O-O 10. Bg5 Be7 11. e5 Ne8 12. Bxe7 Qxe7 13. Nd5 {½-½ (63) Hou,Y (2658)-Ponomariov,R (2686) Shenzhen 2018}) 6. Ne2 {C48: Four Knights: 4 Bb5, replies other than 4...Bb4} O-O 7. Ng3 Re8 8. c3 Bf8 9. O-O a6 10. Ba4 {LiveBook: 14 Games} b5 11. Bc2 d6 12. Re1 Nb8 13. a4 Bb7 14. h3 $146 ({Predecessor:} 14. axb5 axb5 15. Rxa8 Bxa8 16. d4 Nbd7 17. Bd3 c6 18. Qb3 Bb7 19. h3 {½-½ (32) Zwanzger,J (2277)-Van Foreest,L (2314) Germany 2016}) 14... Nbd7 15. Nh2 d5 16. axb5 axb5 17. Rxa8 Bxa8 18. Ng4 Nxg4 19. Qxg4 Nf6 20. Qe2 c5 21. Bd2 Qb6 22. Nf5 dxe4 23. dxe4 Bb7 {[%cal Ba8b7,Bb7a6,Ba6c8][%mdl 32]} 24. Qe3 Qe6 25. c4 (25. Qg3 $11 {keeps the balance.}) 25... bxc4 ({Black should try} 25... Qxc4 $17 26. Bb3 Qxe4 27. Nxh6+ Kh7) 26. f3 Nh5 27. Qc3 Nf4 28. Ne3 Ba6 29. Kh2 Rd8 30. Ra1 Qg6 31. Be1 Bc8 32. Qxc4 Qg5 33. h4 Qg6 34. g3 Ne6 35. Ba5 Rd6 36. Nf5 Ra6 37. b4 Qf6 38. Kg2 g6 39. Ne3 (39. b5 $11 Rxa5 40. Rxa5 gxf5 41. Ra8) 39... Nd4 $17 40. Bd1 Qe6 ({Better is} 40... Qc6 $17 {Strongly threatening ...cxb4.} 41. b5 Nxb5) 41. Qxe6 $11 {The position is equal.} Bxe6 42. bxc5 Bxc5 {[#] Threatens to win with ...Nc6.} (42... Nc6 $5 43. Bc3 $8 Rxa1 44. Bxa1 Bxc5 $11) 43. Bc3 $1 Rxa1 {Precision: White = 43%, Black = 42%.} 1/2-1/2

[Event "SS Manhem Chess Week-IM 2018"]
[Site "Gothenburg"]
[Date "2018.08.16"]
[Round "8"]
[White "Hobber, Anders"]
[Black "Ernst, Thomas"]
[Result "0-1"]
[WhiteElo "2314"]
[BlackElo "2346"]
[Annotator "TA"]
[PlyCount "94"]
[EventDate "2018.08.11"]
[EventCountry "SWE"]
[SourceTitle "playchess.com"]
[Source "ChessBase"]
[SourceQuality "1"]

{[%evp 16,94,50,48,39,50,59,55,52,58,60,41,56,56,56,29,31,21,82,45,55,64,64,47,71,72,90,83,100,71,87,54,75,47,39,36,41,30,27,39,45,0,64,51,35,52,34,30,36,35,33,0,0,-79,-91,-649,-636,-850,-579,-600,-599,-775,-715,-765,-762,-734,-606,-502,-502,-490,-481,-591,-589,-885,-584,-577,-574,-571,-548,-623,-618]} 1. d4 Nf6 2. Nf3 g6 3. Nc3 d5 4. Bf4 Bg7 5. Nb5 Na6 6. e3 {D00: 1 d4 d5: Unusual lines} O-O (6... c6 7. Nc3 O-O 8. Bxa6 bxa6 9. h3 Nd7 10. O-O Bb7 11. Na4 Rc8 12. b4 a5 13. Nc5 Nxc5 14. bxc5 {1-0 (50) Aronian,L (2797)-Vachier Lagrave,M (2793) Caleta 2018}) 7. h3 c5 8. c3 cxd4 9. exd4 {LiveBook: 3 Games} Bf5 10. Be2 Be4 11. O-O Bxf3 12. Bxf3 Qd7 13. a4 $146 ({Predecessor:} 13. Qb3 Rfc8 {1-0 (49) Belikov,V (2420)-Dmitriev,I (2270) Orel 1992}) 13... Rfd8 14. Re1 e6 15. Qd2 Ne8 16. Be2 Nac7 (16... Nb8 $11 {keeps the balance.}) 17. Bd3 a6 18. Nxc7 Nxc7 19. h4 Ne8 20. h5 Nf6 21. hxg6 hxg6 22. Bg5 Re8 23. a5 Qc6 24. Qf4 Nd7 $1 25. Qh4 e5 26. Re3 exd4 27. Rh3 {aiming for Qh7+.} dxc3 28. Qh7+ Kf8 29. Bh6 Bxh6 30. Qxh6+ Ke7 31. Re1+ {[%mdl 1024] White has compensation.} Kd6 32. Qf4+ Ne5 $1 33. Rhe3 {[%cal Re3e5]} g5 $1 {[%cal Rg5f4]} 34. Qh2 (34. Qf5 $11 {remains equal.} Nxd3 35. Qxd3) 34... f6 $17 35. Qh6 $2 {[%mdl 8192]} (35. bxc3 $17 Qc7 36. Bg6) 35... Ng4 $19 {Black is clearly winning.} 36. Qg7 {[#] Hoping for Re7.} Nxe3 37. fxe3 Re6 38. Bf5 c2 39. Rc1 {[#]} Qc5 $1 40. Rxc2 Qxe3+ 41. Rf2 Re7 42. Qxf6+ Kc7 43. Bh3 Rae8 44. Kh1 Qe1+ 45. Kh2 Qe5+ 46. Qxe5+ Rxe5 47. Kg3 d4 {Precision: White = 40%, Black = 79%.} 0-1

[Event "SS Manhem Chess Week-IM 2018"]
[Site "Gothenburg"]
[Date "2018.08.17"]
[Round "9"]
[White "Antonsen, Mikkel"]
[Black "Vypkhaniuk, Ihor"]
[Result "1-0"]
[WhiteElo "2444"]
[BlackElo "2357"]
[Annotator "TA"]
[PlyCount "85"]
[EventDate "2018.08.11"]
[EventCountry "SWE"]
[SourceTitle "playchess.com"]
[Source "ChessBase"]
[SourceQuality "1"]

{[%evp 19,85,70,68,68,61,52,60,72,71,64,68,39,55,20,78,68,82,59,62,51,52,0,0,0,83,85,77,34,223,237,219,235,285,292,270,268,469,472,555,551,580,580,579,570,29981,29982,29982,1212,1181,1045,1086,1035,1517,110,110,110,1372,1322,1322,43,1322,1064,1053,1008,29990,1140,29998,29999]} 1. d4 {[%cal Bd2d4,Bd4d5][%mdl 32]} d6 2. e4 Nf6 3. f3 e5 4. d5 Be7 5. Be3 c6 6. c4 {B07: Pirc Defence: Miscellaneous Systems} O-O 7. Nc3 a6 (7... a5 8. Nge2 Na6 9. Nc1 Bd7 10. Be2 cxd5 11. cxd5 Nh5 12. O-O Bg5 13. Qd2 Bxe3+ 14. Qxe3 {0-1 (36) Bocharov,D (2583)-Onischuk,V (2637) Riadh 2017}) 8. Bd3 cxd5 9. cxd5 b5 10. Nge2 Nbd7 {LiveBook: 7 Games} 11. b4 Nb6 12. a4 Nc4 13. Bxc4 $1 bxc4 14. O-O Rb8 $146 ({Predecessor:} 14... Bd7 15. a5 Ne8 {½-½ (44) Werner,M (2115)-Rotstein,J (2316) Leverkusen 2010}) 15. b5 Nd7 16. f4 exf4 (16... Qc7 $11) 17. Bxf4 $16 axb5 18. axb5 Nc5 19. Nd4 $1 {[%cal Rd4c6] aiming for Nc6.} Bf6 {[#]} 20. Be3 (20. e5 $1 $14 {[%mdl 512]} Bxe5 (20... dxe5 21. Nc6) 21. Nc6) 20... Bd7 $11 21. Ra3 {[#]} Re8 (21... Nb3 $1 $11 {[%mdl 512] keeps the balance.}) 22. Nc6 $16 Bxc6 23. dxc6 {Black must now prevent Nd5.} Nxe4 $2 (23... Bxc3 $1 $14 24. Rxc3 Rxb5) 24. Nxe4 $18 Rxe4 25. Qd5 Rxe3 26. Rxe3 Qb6 27. Rff3 c3 $2 (27... Re8 28. Kf2 c3) 28. Kh1 {Strongly threatening Rxf6!} c2 29. Re1 $1 Qa5 30. Rff1 h6 31. h3 Rxb5 32. Re8+ Kh7 33. Qd3+ (33. Qe4+ $142 Rf5 34. Rxf5 g6 35. Qxc2 gxf5 36. c7 Be5 37. Qxf5+ Kg7 38. Rg8+ $1 {[%mdl 512]} Kxg8 39. c8=Q+ Kg7 40. Qg4+ Kf6 41. Qcf5+ Ke7 42. Qd7+ Kf8 43. Qc8+ Ke7 44. Qgd7+ Kf6 45. Qh8+ Kg6 46. Qg4#) 33... g6 34. Qxc2 Rc5 35. Qb3 ({But not} 35. Rxf6 $2 Qa1+ 36. Kh2 Qxf6 $19) 35... Kg7 {[#]} 36. Qb8 $2 (36. Re7 $3 $18 {[%mdl 512]} Rd5 (36... Bxe7 37. Qxf7+) 37. c7 $1 {[%mdl 512]} Bxe7 38. c8=Q) 36... Qa6 $16 37. Rd1 $40 {[%mdl 128] White is out for blood.} ({Of course not} 37. Rg8+ $6 Kh7 $11) 37... Qxc6 $2 {[%mdl 8192]} (37... Rxc6 $16 38. Rh8 Be5) 38. Rh8 $18 {[%csl Gh8][%cal Rb8g8]} Be7 39. Qg8+ Kf6 {[#] White should prevent ...Rc1.} 40. Rh7 $1 ({Less strong is} 40. Rf1+ Rf5 $14) 40... Kg5 41. Qxf7 Re5 42. Rf1 (42. Rg7 $142 Qc2 {[#]} 43. h4+ $1 {[%mdl 512]} Kxh4 44. Rd4+ Re4 45. Qxg6 Qb1+ 46. Kh2 Qh1+ 47. Kxh1 Bg5 48. Qxe4+ Bf4 49. Qxf4+ Kh5 50. Qh4#) 42... Re2 43. Qf4+ {Precision: White = 69%, Black = 46%.} 1-0

[Event "SS Manhem Chess Week-IM 2018"]
[Site "Gothenburg"]
[Date "2018.08.17"]
[Round "9"]
[White "Ernst, Thomas"]
[Black "Kucuksari, Kaan"]
[Result "1/2-1/2"]
[WhiteElo "2346"]
[BlackElo "2329"]
[Annotator "TA"]
[PlyCount "84"]
[EventDate "2018.08.11"]
[EventCountry "SWE"]
[SourceTitle "playchess.com"]
[Source "ChessBase"]
[SourceQuality "1"]

{[%evp 17,84,29,99,99,104,103,103,98,97,87,95,70,84,76,67,35,38,29,35,31,97,97,101,103,89,89,163,34,53,33,43,37,89,0,0,0,0,0,0,0,0,0,0,0,0,0,0,0,0,0,0,0,0,0,0,0,0,0,0,0,0,0,0,0,0,0,0,0,0]} 1. d4 {Ftacnik,L} Nf6 2. c4 e6 3. Nc3 Bb4 4. e3 d5 5. Nf3 O-O 6. Bd3 b6 7. a3 {E52: Nimzo-Indian: Rubinstein: 4...0-0 5 Nf3 d5 6 Bd3 b6} (7. O-O Ba6 8. cxd5 exd5 9. Ne5 Bxd3 10. Nxd3 Bxc3 11. bxc3 Nc6 12. Qc2 Na5 13. Ba3 Re8 14. Nb2 Ne4 15. Rad1 {½-½ (72) Duda,J (2737)-Kovalev,V (2655) Dortmund 2018}) 7... Bd6 8. e4 dxe4 9. Nxe4 Bb7 {LiveBook: 5 Games} (9... Nbd7 $11) 10. Nxf6+ $1 $16 (10. Nxd6 $6 Qxd6 11. Be3 Nbd7 $11) 10... gxf6 11. Qc2 $146 ({Predecessor:} 11. Bh6 Re8 12. Ne5 f5 13. Qh5 Qf6 14. O-O-O {1-0 (29) Franco Ocampos,Z (2519)-Cheparinov,I (2621) Dos Hermanas 2005 CBM 107 [Ftacnik,L]}) 11... f5 12. Bh6 Re8 13. O-O-O Nd7 14. Rhg1 {Strongly threatening g4.} Qf6 15. Be3 {Black must now prevent c5.} c5 16. d5 Ne5 17. Nxe5 $1 Bxe5 18. dxe6 fxe6 (18... Rxe6 $14 19. Kb1 (19. Bxf5 Bxb2+ 20. Kb1 Bxa3 $11) 19... f4 20. Bxh7+ Kh8) 19. g4 f4 ({Don't play} 19... Bxh2 20. gxf5+ Bxg1 21. Rxg1+ Kh8 22. fxe6 $11) 20. Bxh7+ Kh8 {[#]} 21. Bd2 $1 Rad8 (21... Bxb2+ $16 {was worth a try.} 22. Qxb2 Qxb2+ 23. Kxb2 Kxh7) 22. Bc3 ({White should try} 22. g5 $18 Qg7 23. Bg6) 22... Bxc3 23. bxc3 Rxd1+ 24. Rxd1 Bf3 {[#]} 25. Rd7 ({Better is} 25. Rg1 $1 $16) 25... Rd8 $11 {The position is equal.} 26. Rxd8+ ({Much weaker is} 26. Rxa7 Qe5 $17) 26... Qxd8 27. Be4 Bxg4 28. f3 Bh3 29. Qa4 Bf5 {And now ...Bxe4 would win.} 30. Bxf5 exf5 31. Qxa7 {[%mdl 4096] Endgame KQ-KQ} Qd3 32. Qb8+ Kg7 33. Qxf4 (33. Qe5+ {feels hotter.} Kg6 34. Qe8+ Kg5 35. Qe7+ Kg6 36. Qe8+) 33... Qxc3+ 34. Kd1 Qxa3 35. h4 Qd3+ 36. Ke1 Kg6 37. Kf2 Qd4+ 38. Qxd4 cxd4 39. Ke2 Kh5 40. Kd3 Kxh4 41. Kxd4 Kg3 42. Ke3 Kg2 {Precision: White = 75%, Black = 74%.} 1/2-1/2

[Event "SS Manhem Chess Week-IM 2018"]
[Site "Gothenburg"]
[Date "2018.08.17"]
[Round "9"]
[White "Pantzar, Milton"]
[Black "Rydstrom, Tom"]
[Result "1-0"]
[WhiteElo "2306"]
[BlackElo "2316"]
[Annotator "TA"]
[PlyCount "108"]
[EventDate "2018.08.11"]
[EventCountry "SWE"]
[SourceTitle "playchess.com"]
[Source "ChessBase"]
[SourceQuality "1"]

{[%evp 9,108,10,21,7,0,12,2,0,0,0,5,0,11,0,39,36,42,20,39,41,102,33,116,81,133,87,83,66,107,101,101,95,95,114,96,77,166,162,302,301,466,296,295,292,261,203,210,210,213,206,210,197,210,177,206,199,229,228,231,214,238,213,210,213,208,192,229,231,233,229,217,233,2013,1933,3723,2794,6158,3468,29975,29976,29976,29977,29977,29978,29978,29979,29979,29980,29981,29981,29981,29978,29977,29978,29983,29984,29984,29984,29983,29984,29985]} 1. c4 e5 2. Nc3 Bb4 3. Nd5 a5 4. a3 Bc5 (4... Be7 5. d4 d6 6. e4 Nd7 7. f3 c6 8. Nxe7 Qxe7 9. d5 a4 10. Bd3 Nc5 11. Bc2 f5 12. dxc6 fxe4 13. cxb7 Bxb7 {0-1 (54) Agrest,E (2593)-Kovalenko,I (2684) Tallinn 2016}) 5. e3 Nf6 {LiveBook: 3 Games} 6. d4 {A21: English Opening: 1...e5 2 Nc3} Nxd5 7. cxd5 exd4 8. exd4 {The position is equal.} Be7 9. Bd3 d6 10. Ne2 $146 ({Predecessor:} 10. h3 Nd7 11. Ne2 Nb6 12. Nc3 {0-1 (50) Danielian,O-Maljutin,E (2385) Jurmala 1991}) 10... Nd7 11. O-O Nf6 12. Nc3 O-O 13. Bd2 Bg4 14. Qb3 $36 {[%mdl 2048] White has good play.} Qd7 ({Better is} 14... Bd7 $14) 15. Rac1 (15. Rfe1 $16) 15... Rab8 (15... Bf5 $14 16. Bxf5 Qxf5) 16. Qc2 Bh5 ({Black should play} 16... Qd8) 17. Bf5 Qd8 18. Rfe1 c6 19. dxc6 bxc6 20. Na4 c5 21. dxc5 dxc5 22. Bf4 Rb7 (22... Bd6 $16 23. Bxd6 Qxd6) 23. Nxc5 $18 Bxc5 (23... Ra7 $142 24. Bg3 Bg6) 24. Qxc5 Rxb2 (24... Re8 $142 25. Rxe8+ Nxe8) 25. Bd6 Re8 26. Rxe8+ Qxe8 27. Qxa5 {Black must now prevent g4!} Rb5 {[#]} 28. Qa6 $1 Be2 29. Rc8 {White threatens Qc6 and mate.} Rb1+ 30. Bxb1 {Intending Qc6 and mate.} Bxa6 31. Rxe8+ Nxe8 {[%mdl 4096] Endgame KBB-KBN} 32. Bc5 Nc7 33. a4 g6 34. f4 Kg7 35. Bd4+ Kf8 36. Kf2 Ke7 37. Ba2 Ne6 38. Be3 Kd6 39. g4 f6 40. h4 Nc5 $2 {[#]} (40... Bc8 41. a5 Ba6) 41. Bxc5+ Kxc5 {KB-KB} 42. g5 fxg5 43. fxg5 Kd4 44. Bg8 {White mates.} Ke4 45. Kg3 Kf5 46. Bxh7 Bc4 47. a5 Ba6 48. Bg8 Bb5 49. Bb3 Bd3 50. Bd1 Ke5 51. Kf3 Kf5 52. Be2 Be4+ 53. Kg3 Ke5 54. a6 Kd5 {Precision: White = 72%, Black = 38%.} 1-0

[Event "SS Manhem Chess Week-IM 2018"]
[Site "Gothenburg"]
[Date "2018.08.17"]
[Round "9"]
[White "Mikalsen, Erlend"]
[Black "Nedilko, Vasily"]
[Result "1/2-1/2"]
[WhiteElo "2289"]
[BlackElo "2369"]
[Annotator "TA"]
[PlyCount "63"]
[EventDate "2018.08.11"]
[EventCountry "SWE"]
[SourceTitle "playchess.com"]
[Source "ChessBase"]
[SourceQuality "1"]

{[%evp 24,63,0,-2,0,-27,-38,-47,-52,-48,-58,-66,0,0,8,-110,-106,-176,-174,-207,-227,-228,-53,-57,-35,-41,-41,-50,-34,-70,-17,-16,-16,-14,-6,-6,-10,-10,-8,-8,-5,-5]} 1. e4 c5 2. Nf3 d6 3. d4 cxd4 4. Nxd4 Nf6 5. Nc3 a6 6. Bc4 e6 7. Bb3 Nbd7 8. f4 {[%cal Bf2f4,Bf4f5][%mdl 32]} Nc5 9. f5 b5 10. Qf3 e5 {B86: Sicilian Scheveningen/Najdorf: 6 Bc4, without early ...b5} 11. Nc6 Qd7 12. Nb4 Bb7 13. Nbd5 {[#] LiveBook: 3 Games} Ncxe4 $1 {[%mdl 512]} 14. Nxe4 Nxd5 15. Bg5 {[#]} Nb6 $146 ({Predecessor:} 15... Be7 16. Bxe7 Kxe7 17. Bxd5 Bxd5 18. f6+ {½-½ (32) Danin,A (2519)-Kokarev,D (2629) Voronezh 2012}) 16. O-O-O Nc4 17. Rhe1 Qc7 (17... f6 $15 18. Bxf6 gxf6 19. Bxc4 bxc4 20. Nxf6+ Ke7 21. Nd5+ Bxd5 22. f6+ Kf7 23. Qxd5+ Qe6 24. Qb7+ Kg6 25. Qe4+ Qf5) 18. f6 g6 $1 19. Qd3 (19. Qh3 $11 {keeps the balance.}) 19... O-O-O 20. a4 (20. Nc3 $17) 20... d5 $36 {[%mdl 2048] Black is in control.} 21. axb5 axb5 22. Nc3 Bb4 $2 (22... Bc6 $19 {aiming for ...Bb4.} 23. Kb1 Bb4 24. Bxc4 bxc4) 23. Nxb5 $15 Qa5 {[%cal Ra5a1] [#]} 24. c3 Qxb5 25. cxb4 Qxb4 26. Bxc4 Qxc4+ (26... dxc4 $15 27. Qh3+ Kb8) 27. Qxc4+ $11 {The position is equal.} dxc4 28. Rxe5 {Hoping for Rc5+.} Rxd1+ 29. Kxd1 $15 {KRB-KRB} Rd8+ 30. Kc2 Bxg2 31. Rc5+ Kd7 32. Rxc4 {Precision: White = 50%, Black = 42%.} 1/2-1/2